LEADER 01602nam a2200253 i 4500 001 000000241674 003 CaOOAMICUS 005 20150511000000.0 008 150511s1700 it u000 u ita u 013 $a220579 026 $alare ncia o,ui uome (3) 1700 (R) 040 $aSeMil$bita 240 10$aLustri storiali de Scalzi Agostiniani d'Italia, e Germania descritti dal P. Gio. Bartolomeo, milanese suo cronosta.$0(OLS)http://semarc/title/343435 245 10$aLustri storiali de Scalzi Agostiniani eremiti della Congregazione d'Italia, e Germania descritti dal suo cronista P. Gio. Bartolomeo da S. Claudia milanese, dedicati all'augustissimo imperatore Leopoldo Primo. 260 $aIn Milano :$bNella Stampa di Francesco, e Fratelli Vigoni,$c1700. 300 $a[12], 641 , [1] p. ;$cfol. 500 $aStemma sul front. - Fregi, iniz. xilogr. - Testo su due colonne. - Segn. : pg4 A-4M4. 650 4$aAgostiniani Scalzi.$0(OLS)http://semarc/subject/42372 700 1 $aGiovanni Bartolomeo : da S. Claudia <1711-?>.$0(OLS)http://semarc/name/81807 700 1 $aVigoni,$c.$0(OLS)http://semarc/name/2978 850 $aSeMil 852 $aSeMil$W1$xVenegono$y1$m3G VI 14 FA$j192020$B192020$CSeMilBibl$Z2$F202810 $8I 996 $6245$aLustri storiali de Scalzi Agostiniani eremiti della Congregazione d'Italia, e Germania descritti dal suo cronista P. Gio. Bartolomeo da S. Claudia milanese, dedicati all'augustissimo imperatore Leopoldo Primo$9(OLS)http://semarc/title/343434 996 $6260$aIn Milano :$bNella Stampa di Francesco, e Fratelli Vigoni$9(OLS)http://semarc/publisher/54608 LEADER 01707nam a2200337 i 4500 001 000000036376 003 CaOOAMICUS 005 20181122114726.0 008 100615s1986 it u000 u ita u 013 $a5814 020 $a88-7610-180-2 040 $aSeMil$bita 245 10$aSemplicemente uomo :$ba cinque anni dall'anno internazionale dell'handicappato, cambiamenti nella comunità cristiana e civile lombarda. 260 $aMilano :$bÀncora,$ccopyr. 1986. 300 $a158 p. ;$c19 cm. 490 0 $aPastorale oggi [Ancora] 500 $aIn testa al front. : Caritas Ambrosiana. - Fondo Mezzanotti. 650 4$aPastorale sanitaria.$0(OLS)http://semarc/subject/4491 650 4$aDisabili.$0(OLS)http://semarc/subject/3921 710 0 $aCaritas Ambrosiana .$0(OLS)http://semarc/name/1936 774 0 $aMartini, Carlo Maria $tIntervento del cardinale Carlo Maria Martini. P. 9-21.$w()297184 774 0 $aFappani, Mario$tRelazione del dottor Mario Fappani. P. 23-109.$w()297185 774 0 $aMozzanica, Carlo Mario$tRelazione del dottor Mario Mozzanica. P. 113-133.$w()297186 830 0$aPastorale oggi.$0(OLS)http://semarc/title/419919 850 $aSeMil 852 $aSeMil$W1$xVenegono$y1$m2F V 156$j2531$B2531$CSeMilBibl$Z2$F2531 $81 961 $aOmaggio: Mezzanotti mons. Alessandro 996 $6020$a88-7610-180-2$9(OLS)http://semarc/number/4974 996 $6245$aSemplicemente uomo :$ba cinque anni dall'anno internazionale dell'handicappato, cambiamenti nella comunità cristiana e civile lombarda$9(OLS)http://semarc/title/50322 996 $6260$aMilano :$bÀncora$9(OLS)http://semarc/publisher/29763